000 00394nam a2200157Ia 4500
008 231217s9999 xx 000 0 und d
041 _aEnglish
082 _a621.381952 FLO;32 'R'
100 _aFloyd, Thomas L
245 0 _aDigital fundamentals
250 _a7th ed.
260 _c2000
_bNew Jersey : Prentice-Hall,
300 _axvii+IN-6
650 _aDigital systems
942 _cAA
999 _c167628
_d167628